000 00627nam a22001817a 4500
003 UA-OsUOA
001 15645
007 ta
008 20031130b un ||||| |||| 00| 0 ukr d
100 _aСадко В.
942 _cSA
040 _aUA-OsUOA
_cUA-OsUOA
_dUA-OsUOA
245 _a"Майстри лісу" і грошей
_b[Рівнен. лісівники виконали основні показники лісогосподар. діяльності]
300 _aС.4
955 _a0
773 0 _w0
_tПанорама
_dРівне
_d2003
_g№38/19 верес./
650 7 _aКраєзнавча робота
_2UDC
999 _c301810
_d301810